Plus Grandes Villes Espagne - Statistiques

Statistiques générales
  • Ce quiz a été pris 530 fois
  • Le résultat moyen est 18 sur 43
Statistiques - réponses
Région Ville
Population
(en milliers)
% Correct
Catalogne Barcelone 1 620
100%
Madrid Madrid 3 223
100%
Valence Valence 791
99%
Andalousie Séville 688
97%
Pays Basque Bilbao 345
89%
Andalousie Malaga 571
81%
Aragon Saragosse 666
76%
Murcie Murcie 447
69%
Andalousie Grenade 232
67%
Baléares Palma de Majorque 409
67%
Canaries Las Palmas de Gran Canaria 378
60%
Castille et Leon Valladolid 298
57%
Navarre Pampelune 199
56%
Valence Alicante 331
54%
Andalousie Cordoue 325
54%
Galice Vigo 293
54%
Galice La Corogne 244
51%
Pays Basque Saint Sébastien 186
46%
Asturies Gijón 298
45%
Cantabrie Santander 172
43%
Andalousie Almeria 196
39%
Asturies Oviedo 220
38%
Castille et Leon Burgos 175
35%
Madrid Getafe 180
35%
Pays Pasque Vitoria Gasteiz 249
29%
Valence Elche 230
25%
Andalousie Jerez de la Frontera 212
25%
Canaries Santa Cruz de Tenerife 204
25%
Estrémadure Badajoz 150
24%
Castille la Manche Albacete 173
20%
Murcie Carthagène 213
20%
La Rioja Logrogne 151
18%
Madrid Leganes 188
16%
Valence Castellon de la Plana 170
15%
Catalogne Badalona 217
14%
Catalogne L'Hospitalet de Llobregat 261
14%
Madrid Alcala de Henares 193
12%
Madrid Alcorcon 169
11%
Catalogne Sabadell 211
11%
Madrid Fuenlabrada 193
10%
Madrid Mostoles 207
10%
Catalogne Terrassa 218
9%
Canaries San Cristobal de la Laguna 155
5%
Aucun quiz correspondant
Distribution des résultats
% des personnes avec chaque résultat
Percentile par nombre de réponses
Votre historique - résultats
Vous n’avez pas pris ce quiz